| 000 | 01065nam a2200301 a 4500 | ||
|---|---|---|---|
| 001 | 31863 | ||
| 003 | BD-RjUL | ||
| 005 | 20211209051746.0 | ||
| 008 | 140422s1946 enka b 001 0 eng d | ||
| 035 |
_a(OCoLC)27279437 _a(BD-RjUL)31951 |
||
| 040 |
_aDLC _cTJC _dEQO _dBD-RjUL _beng |
||
| 041 | _aeng | ||
| 082 | 0 | 0 |
_a398.3 _bBAB 1946 |
| 100 | 1 |
_aBanks, Mary Macleod. _997000 |
|
| 245 | 1 | 0 |
_aBritish calendar customs : _bOrkney & Shetland / _cBy Mrs. M. Macleod Banks. |
| 260 |
_aLondon : _bPub. for the Folk-Lore Society, W. Glaisher, _c1946. |
||
| 300 |
_axii, 110 p. : _bill. ; _c22 cm. |
||
| 490 | 1 |
_aPublications of the Folk-Lore Society ; _v112 |
|
| 504 | _a"Authorities quoted": p. ix | ||
| 650 | 0 |
_aFolklore _zScotland _zOrkney. _997001 |
|
| 650 | 0 |
_aFolklore _zScotland _zShetland. _997002 |
|
| 651 | 0 |
_aOrkney (Scotland) _xSocial life and customs. _997003 |
|
| 651 | 0 |
_aShetland (Scotland) _xSocial life and customs. _997004 |
|
| 830 | 0 |
_v112 _997007 |
|
| 830 | 0 |
_aPublications of the Folklore Society ; _997008 |
|
| 942 |
_2ddc _cBK |
||
| 999 |
_c31863 _d31863 |
||